Nghiên cứu xây dựng hệ thống quản lý tài sản cố định các trường đại học trên mạng IP

Những vấn đề cơ bản của việc xây dựng hệ thống. Xây dựng giải pháp ký thuật cho các bài toán quản lý tài sản cố định các trường đại học trên mạng IP. Thử nghiệm giải pháp và đánh giá

में बचाया:
ग्रंथसूची विवरण
मुख्य लेखक: Vũ, Văn Hội
अन्य लेखक: Lê, Văn Sơn PGS.TS (Hướng dẫn)
स्वरूप: पुस्तक
भाषा:Vietnamese
प्रकाशित: Đại học Đà Nẵng Trường đại học Sư Phạm 2007
श्रृंखला:Khóa luận tốt nghiệp đại học. Chuyên ngành: Cử nhân Công nghệ thông tin
विषय:
टैग : टैग जोड़ें
कोई टैग नहीं, इस रिकॉर्ड को टैग करने वाले पहले व्यक्ति बनें!
Thư viện lưu trữ: Mạng thư viện Đại học Đà Nẵng
LEADER 01632nam a2200349 4500
001 000012488
003 8789
005 20120221080244.0
008 120221s2007 viesd
041 |a vie 
072 |a Khóa luận tốt nghiệp 
082 |a 005.13  |b VU-H 
100 |a Vũ, Văn Hội 
245 |a Nghiên cứu xây dựng hệ thống quản lý tài sản cố định các trường đại học trên mạng IP  |c Vũ, Văn Hội 
260 |a Đại học Đà Nẵng  |b Trường đại học Sư Phạm  |c 2007 
300 |a 55 tr.  |b hình mhọa  |c 29 cm  |e đĩa CD 
490 |a Khóa luận tốt nghiệp đại học. Chuyên ngành: Cử nhân Công nghệ thông tin 
500 |a Tham khảo tr. 54 + phụ lục [7 tr.] 
520 |a Những vấn đề cơ bản của việc xây dựng hệ thống. Xây dựng giải pháp ký thuật cho các bài toán quản lý tài sản cố định các trường đại học trên mạng IP. Thử nghiệm giải pháp và đánh giá 
653 |a Khóa luận tốt nghiệp đại học 
653 |a Khoa Tin học 
700 |a Lê, Văn Sơn  |c PGS.TS  |e Hướng dẫn 
OWN |a LSP 
AVA |a UDN50  |b LSP  |d 005.13 VU-H  |e available  |t Error 5001 Not defined in file expand_doc_bib_avail.  |f 1  |g 0  |h N  |i 0  |k 1 
999 |a From the UDN01 
AVA |a UDN50  |b LSP  |d 005.13 VU-H  |e available  |t Error 5001 Not defined in file expand_doc_bib_avail.  |f 1  |g 0  |h N  |i 0  |k 1 
TYP |a Monograph 
TYP |a Printed language 
980 |a Mạng thư viện Đại học Đà Nẵng